000 00603nam a2200229Ia 4500
003 OSt
005 20220925221319.0
006 a|||||r|||| 00| 0
007 ta
008 220923b |||||||| |||| 00| 0 eng d
037 _cGeneral Book
040 _aRTL
_cRTL
_beng
041 _2eng
_aeng
082 _aY9(X:77), M1
100 _aIllich Ivan
_9130360
245 0 _aShadow work
260 _aLondon
_bMarion Boyars
_c1981
300 _a152p
_ccm.
650 _aSociology of Economics
_9240398
942 _hY9(X:77), M1
_cGB
_2CC
999 _c573934
_d573934